رنگ زندگی کے : (Record no. 108581)

MARC details
000 -LEADER
fixed length control field 00907nam a22002537a 4500
005 - DATE AND TIME OF LATEST TRANSACTION
control field 20170123162342.0
010 ## - LIBRARY OF CONGRESS CONTROL NUMBER
LC control number B-209088
020 ## - INTERNATIONAL STANDARD BOOK NUMBER
Terms of availability 300.00
International Standard Book Number 8182231698
035 ## - SYSTEM CONTROL NUMBER
System control number B-209088
037 ## - SOURCE OF ACQUISITION
Source of stock number/acquisition Cen Lib/Ret
040 ## - CATALOGING SOURCE
Original cataloging agency DPL
Language of cataloging UR
082 ## - DEWEY DECIMAL CLASSIFICATION NUMBER
Classification number 842
Item number ی و گ
100 ## - MAIN ENTRY--PERSONAL NAME
Personal name یوگراج
9 (RLIN) 41420
245 ## - TITLE STATEMENT
Title رنگ زندگی کے :
Statement of responsibility, etc یوگراج
Remainder of title اسٹیج ڈراموں کا مجمع /
246 ## - VARYING FORM OF TITLE
Title proper/short title Rang zindagi ke : stage dramon ka majmua /
Remainder of title by Yogesh
260 ## - PUBLICATION, DISTRIBUTION, ETC. (IMPRINT)
Place of publication, distribution, etc دہلی
Name of publisher, distributor, etc ایجوکیشنل پبلشنگ ہاؤس
Date of publication, distribution, etc 2005
270 ## - ADDRESS
Address ٣١٠٨، گلی عزیزددیں وکیل کوچہ پنڈت لال کوان
City دہلی
Postal code 110006
300 ## - PHYSICAL DESCRIPTION
Extent 479p.
Dimensions 21cm(Hb)
650 ## - SUBJECT ADDED ENTRY--TOPICAL TERM
Topical term or geographic name as entry element ادب - اردو
9 (RLIN) 127689
650 ## - SUBJECT ADDED ENTRY--TOPICAL TERM
Topical term or geographic name as entry element اردو ڈرامہ
9 (RLIN) 127690
650 ## - SUBJECT ADDED ENTRY--TOPICAL TERM
Topical term or geographic name as entry element Literature -- Urdu
9 (RLIN) 127691
650 ## - SUBJECT ADDED ENTRY--TOPICAL TERM
Topical term or geographic name as entry element Urdu drama
9 (RLIN) 127692
942 ## - ADDED ENTRY ELEMENTS (KOHA)
Source of classification or shelving scheme Dewey Decimal Classification
Koha item type Urdu Bks
Classification part 842
Call number suffix ی و گ
Holdings
Withdrawn status Lost status Damaged status Not for loan Home library Current library Date acquired Source of acquisition Cost, normal purchase price Total Checkouts Full call number Barcode Date last seen Copy number Cost, replacement price Price effective from Koha item type
        Central Library Central Library 23/01/2016 Cen Lib/Ret 300.00   842 ی و گ B-209088 23/01/2016 1 300.00 23/01/2016 Urdu Bks

© Delhi Public Library
Hit Counter
free hit counter